Responses for show #8316 - Monday, January 18, 2021

First game with CBS Media Ventures banner.

Contestants

[<< previous game]

Helen Belcastro, a medical device program manager originally from West Lafayette, Indiana

Donesh Olyaie, a strategist from Corona, California

Jennifer Linde, an associate professor from Minneapolis, Minnesota (whose 1-day cash winnings total $24,800)

[next game >>]

Jeopardy! Round responses

BRITISH SPYCRAFT
ALL KINDS OF BARS
HISTORICAL MARKERS
SPACE-PODGE
CELEBRITY NAMES IN COMMON
FROM D TO D
    $200 19
Queen Elizabeth I

Jennifer
    $200 1
lawyers

Donesh
    $200 22
Paul Bunyan

Donesh
    $200 16
the Milky Way

Donesh
    $200 3
Sarah

Jennifer
    $200 11
(Helen: What's a... Druid?)

a dog sled

DoneshHelen
    $400 27
Intelligence

Jennifer
    $400 2
(Donesh: What are the, um... parallel bars?)

the uneven parallel bars

DoneshHelen
    $400 23
the Erie Canal

Jennifer
    $400 17
(Ken: [*] the bull, right.)

Taurus

Donesh
    $400 4
Ryan

Jennifer
    $400 12
dumbfounded

Donesh
    $600 28
Benedict Arnold

Helen
    $600 8
Kit Kat

Jennifer
    $600 24
the Transcontinental Railroad

Donesh
    $600 18
(Ken: Those are they.)

hydrogen & helium

Helen
    $600 5
(Ken: You had a leg up there.)
[Laughter]
(Jennifer: Little bit.)

Jennifer

Jennifer
    $600 13
deltoids

Jennifer
    $800 29
D-Day

Jennifer
    $800 9
the whammy bar

Jennifer
    $800 25
a furnace

Donesh
    $800 20
(Jennifer: Oh, sorry; don't know.)

an ice giant

Jennifer
Triple Stumper
    $800 6
Colin

Donesh
    $800 14
Diehard

Jennifer
    $1000 30
Graham Greene

Triple Stumper
    $1000 10
(Helen: What is second lieutenant?)
Jennifer: What is colonel?)

captain

JenniferHelen
Triple Stumper
    $1,000 26
(Ken: Need an answer.)
[Donesh says nothing.]
...
(Ken: Less than a minute to go.)

John Wilkes Booth

Donesh
    $1000 21
a nebula

Jennifer
    $1000 7
Sandra

Donesh
    $1000 15
a drumhead

Jennifer

Scores at the first commercial break (after clue 15):

Jennifer Donesh Helen
$4,000 $2,200 -$800

Scores at the end of the Jeopardy! Round:

Jennifer Donesh Helen
$6,000 $3,400 $400

Double Jeopardy! Round responses

"G"-OGRAPHY
MUSIC CLASS
HISTORIC TV
BUSINESS PAIRS
ALLITERATION
THE FICTIONAL HOUSEWIVES OF NEW YORK
    $400 15
the Gobi Desert

Donesh
    $400 9
Rhapsody

Jennifer
    $400 1
the Revolutionary War

Triple Stumper
    $400 17
Price

Helen
    $400 4
take turns

Jennifer
    $400 26
(Ken: A Tree Grows in [*], right.)

Brooklyn

Helen
    $800 22
the Green Mountains

Jennifer
    $800 12
a sonata

Donesh
    $2,000 2
Churchill

Helen
    $800 18
Hathaway

Helen
    $800 5
the new normal

Helen
    $800 27
Stuart Little

Helen
    $1200 23
Glacier

Jennifer
    $1200 13
a mute

Helen
    $1200 3
Vikings

Jennifer
    $1200 19
(Jennifer: Who are Johnson & Johnson?)

Procter & Gamble

JenniferDonesh
    $1200 8
a party pooper

Helen
    $1200 28
(James) Baldwin

Jennifer
    $1600 24
Mount Godwin-Austen

Triple Stumper
    $1600 14
(Helen: What is the bottom?)

the bridge

JenniferHelen
    $1600 6
(Jennifer: Who is Marie Antoinette?)

Catherine the Great

JenniferDonesh
    $5,000 20
Hewlett-Packard

Donesh
    $1600 10
run roughshod

Jennifer
    $1600 29
(Tom) Wolfe

Jennifer
    $2000 25
Grenoble

Donesh
    $2000 16
pizzicato

Helen
    $2000 7
Chernobyl

Jennifer
    $2000 21
Wollensky

Donesh
    $2000 11
a concept car

Donesh
    $2000 30
(Ken: Those scandalous goings-on brought to you courtesy of [*].)

Edith Wharton

Triple Stumper

Scores at the end of the Double Jeopardy! Round:

Jennifer Donesh Helen
$15,200 $18,400 $8,400

[wagering suggestions for these scores]

Final Jeopardy! Round responses

MOVIE SETTINGS
(Ken: That's right. Breakfast at [*], now being served.)
HelenWhat is Tiffany's
$8,400
JenniferWhat is Tiffany's
$3,500
DoneshWhat Tiffany & Co.
$10,000
Tiffany & Co. (Tiffany's)

Final scores:

Jennifer Donesh Helen
$18,700 $28,400 $16,800
2nd place: $2,000 New champion: $28,400 3rd place: $1,000

Game dynamics:

Coryat scores:

Jennifer Donesh Helen
$15,200 $16,000 $7,200
23 R,
4 W
18 R
(including 1 DD),
2 W
(including 1 DD)
12 R
(including 1 DD),
3 W

Combined Coryat: $38,400

The J! Archive is created by fans, for fans. The Jeopardy! game show and all elements thereof, including but not limited to copyright and trademark thereto, are the property of Jeopardy Productions, Inc. and are protected under law. This website is not affiliated with, sponsored by, or operated by Jeopardy Productions, Inc. Join the discussion at JBoard.tv.